[Event "OHRA-B"]
[Site "Amsterdam"]
[Date "1989.??.??"]
[Round "?"]
[White "Crisan, Alexandru"]
[Black "Cifuentes Parada, Roberto"]
[Result "1-0"]
[WhiteElo "2315"]
[BlackElo "2470"]

1.d4 d5 2.Nf3 Nf6 3.c4 e6 4.Nc3 Be7 5.Bf4 c6 6.e3 Nbd7 7.cxd5 Nxd5 8.Nxd5 exd5
9.a3 Nf6 10.Bd3 Bg4 11.h3 Bh5 12.O-O a5 13.Qc2 Bxf3 14.gxf3 a4 15.Rfb1 O-O
16.b4 g6 17.b5 Qd7 18.bxc6 bxc6 19.Kg2 Rfc8 20.Rb6 Nh5 21.Be5 c5 22.Ba6 c4
23.Bxc8 Rxc8 24.Rab1 f6 25.Rb7 Qe8 26.Bh2 Ng7 27.Rb8 Bf8 28.Rxc8 Qxc8 29.Qxa4 Nf5
30.Bg3 Nxg3 31.fxg3 Qe6 32.Qa5 Be7 33.Qc3 Qa6 34.Rb8+ Kf7 35.e4 Bxa3 36.exd5 Bd6
37.Rb2 Qc8 38.Re2 Qf5 39.Qxc4 Qg5 40.f4 Bxf4 41.Qb3 Bd6 42.Qb7+ Kg8 43.Qc8+ Bf8
44.Qe6+  1-0

[Event "AUT-chT"]
[Site "?"]
[Date "1989.??.??"]
[Round "?"]
[White "Poecksteiner, Johann"]
[Black "Schuh, Franz"]
[Result "1/2-1/2"]
[WhiteElo "2215"]
[BlackElo "2295"]

1.d4 Nf6 2.c4 e6 3.Nc3 d5 4.Nf3 Be7 5.Bf4 c6 6.e3 Nbd7 7.cxd5 Nxd5 8.Nxd5 exd5
9.Bd3 Nf6 10.O-O Bg4 11.h3 Bh5 12.Rb1 O-O 13.b4 a6 14.a4 Bd6 15.Bxd6 Qxd6
16.Be2 Ne4 17.Rb3 Bxf3 18.Bxf3 f5 19.b5 axb5 20.axb5 f4 21.bxc6 bxc6 22.Bxe4 dxe4
23.exf4 Rxf4 24.Qc1 Rf6 25.Qe3 Rd8 26.Rd1 Qd5 27.Rc3 c5 28.Rxc5 Qxc5 29.dxc5 Rxd1+
30.Kh2 Rd8 31.Qxe4 Rxf2 32.Qe7 Rff8 33.c6 Kh8 34.c7 Rde8 35.Qd7 h6 36.h4 Ra8
37.Kh3 Ra3+ 38.g3 Raa8 39.Qc6 Rac8 40.Qd7 Rce8 41.h5 Rc8 42.Kh4 Rce8  1/2-1/2

[Event "AUT-chT"]
[Site "?"]
[Date "1989.??.??"]
[Round "?"]
[White "Robatsch, Karl"]
[Black "Baumgartner, Heinz"]
[Result "1-0"]
[WhiteElo "2400"]
[BlackElo "2365"]

1.Nf3 Nf6 2.c4 e6 3.Nc3 d5 4.d4 Be7 5.Bf4 Ne4 6.Qc2 Nxc3 7.bxc3 O-O 8.e3 Nd7
9.cxd5 exd5 10.Bd3 Nf6 11.O-O h6 12.h3 Bd6 13.Be5 Qe7 14.Rab1 Nd7 15.Bxd6 Qxd6
16.Rfc1 c5 17.c4 dxc4 18.Bxc4 cxd4 19.Nxd4 Ne5 20.Be2 Be6 21.Qc5 Qd5 22.Qxd5 Bxd5
23.Rb5 Rfd8 24.Rcc5 a6 25.Rxd5 axb5 26.Rxe5 Rxa2 27.Bxb5 Rb2 28.g4 g6 29.Re8+ Rxe8
30.Bxe8 Kf8 31.Bb5 Ke7 32.Kg2 Kd6 33.Bc4 Ke7 34.Kg3 Rb1 35.f4 Rg1+ 36.Kf2 Ra1
37.Kf3 Rf1+ 38.Kg2 Rc1 39.Bb5 Rb1 40.h4 Re1 41.Be2 Rb1 42.h5 Kf6 43.Kf3 Ra1
44.e4 Ra3+ 45.Kf2 Rc3 46.Nb5 Rb3 47.Nd6 Rb2 48.Ke3 Ke7 49.Nb5 Rb4 50.Nd4 Rb2
51.Bd3 Rb4 52.Bc2 Rb6 53.Bb3 Ra6 54.e5 Rb6 55.hxg6 fxg6 56.f5 gxf5 57.gxf5 h5
58.f6+  1-0

[Event "Biel op"]
[Site "Biel"]
[Date "1989.??.??"]
[Round "7"]
[White "Stohl, Igor"]
[Black "Sinkovics, Peter"]
[Result "1/2-1/2"]
[WhiteElo "2500"]
[BlackElo "2330"]

1.Nf3 d5 2.d4 e6 3.c4 Nf6 4.Nc3 Be7 5.Bf4 O-O 6.e3 c5 7.dxc5 Bxc5 8.a3 Nc6
9.Be2 dxc4 10.Bxc4 a6 11.Qc2 Qe7 12.Bg5 h6 13.Bh4 Qc7 14.O-O Bd7 15.Bxf6 gxf6
16.Rad1 Rfd8 17.Ba2 Bf8 18.Bb1 Bg7 19.Qh7+ Kf8 20.Ne2 Ne5 21.Ng3 f5 22.Nh5 Nxf3+
23.gxf3 Bxb2 24.Qxh6+ Ke8 25.Rd2 Qe5 26.Qg5 Ba4 27.Qg8+ Ke7 28.Qg5+ Ke8 29.Qg8+ Ke7
30.Qg5+ Ke8 31.Qg8+  1/2-1/2

[Event "Perenyi mem"]
[Site "Budapest"]
[Date "1989.??.??"]
[Round "?"]
[White "Kaidanov, Grigory S"]
[Black "Van der Sterren, Paul"]
[Result "1/2-1/2"]
[WhiteElo "2535"]
[BlackElo "2500"]

1.c4 e6 2.Nc3 d5 3.d4 Nf6 4.Nf3 Be7 5.Bf4 O-O 6.e3 c5 7.dxc5 Bxc5 8.Be2 dxc4
9.Bxc4 a6 10.O-O b5 11.Bd3 Bb7 12.Qe2 Nbd7 13.Rfd1 Qe7 14.Bg5 h6 15.Bh4 Qe8
16.Rac1 Be7 17.Bb1 Rc8 18.a3 Nc5 19.Ne5 Nd5 20.Qc2 g6 21.Bxe7  1/2-1/2

[Event "Perenyi mem-B"]
[Site "Budapest"]
[Date "1989.??.??"]
[Round "?"]
[White "Pein, Malcolm"]
[Black "Anka, Emil"]
[Result "0-1"]
[WhiteElo "2405"]
[BlackElo "2400"]

1.d4 Nf6 2.Nf3 e6 3.c4 d5 4.Nc3 Be7 5.Bf4 O-O 6.Qc2 c5 7.dxc5 Qa5 8.Nd2 dxc4
9.e4 Qxc5 10.Be3 Qc7 11.Be2 Bd7 12.O-O Na6 13.Qb1 Nc5 14.a4 a6 15.a5 Bb5
16.Rc1 Rfd8 17.b3 Rxd2 18.Bxd2 Nxb3 19.Nxb5 Qd8 20.Rd1 axb5 21.Be3 Qe8 22.Ra2 Rxa5
23.Rxa5 Nxa5 24.f3 Qc6 25.Qa1 b6 26.Bf4 b4 27.Be5 c3 28.Kh1 Nd7 29.Bf4 b3
30.Rd3 b2 31.Qb1 Ne5 32.Rd4 Nb3 33.Bd1 Nxd4 34.Bxe5 c2  0-1

[Event "Noviki-A"]
[Site "Budapest"]
[Date "1989.??.??"]
[Round "?"]
[White "Mikhalchishin, Adrian"]
[Black "Boensch, Uwe"]
[Result "1/2-1/2"]
[WhiteElo "2475"]
[BlackElo "2490"]

1.d4 Nf6 2.c4 e6 3.Nf3 d5 4.Nc3 Be7 5.Bf4 O-O 6.e3 c5 7.dxc5 Bxc5 8.Qc2 Nc6
9.a3 Be7 10.Be2 dxc4 11.Bxc4 a6 12.Rd1 Bd7 13.O-O Qc8 14.Bd3 Na5 15.Ne5 Bb5
16.Bxb5 axb5 17.Bg5 Re8 18.Qe2 Nc4 19.Nxc4  1/2-1/2

[Event "Buenos Aires TB"]
[Site "Buenos Aires"]
[Date "1989.??.??"]
[Round "?"]
[White "Toledo, Francisco J"]
[Black "Rocha, Antonio"]
[Result "1-0"]
[WhiteElo "2300"]
[BlackElo "2330"]

1.d4 d5 2.c4 e6 3.Nc3 Be7 4.Nf3 Nf6 5.Bf4 O-O 6.e3 c5 7.dxc5 Bxc5 8.Qc2 dxc4
9.Bxc4 Nc6 10.a3 a6 11.Rd1 Qe8 12.b4 Be7 13.e4 b5 14.Ba2 Bb7 15.e5 Nh5 16.Bb1 g6
17.Bh6 Qb8 18.Bxf8 Bxf8 19.O-O Nxe5 20.Nxe5 Qxe5 21.Rfe1 Qg5 22.Ne4 Qh4 23.Qc7 Bd5
24.g3 Qg4 25.Rd4 Qf3 26.Re3 Qf5 27.Nc3 Qf6 28.Rd1 Bb3 29.Rd7 Bh6 30.Red3 Bc4
31.Rd8+ Rxd8 32.Qxd8+ Kg7 33.Qxf6+ Nxf6 34.Rd6 Nd5 35.Nxd5 exd5 36.f4 g5
37.f5  1-0

[Event "Caorle op"]
[Site "Caorle"]
[Date "1989.??.??"]
[Round "1"]
[White "Cristiani, Cesare"]
[Black "Sinka, Brigitta"]
[Result "0-1"]
[WhiteElo "1900"]
[BlackElo "2045"]

1.d4 Nf6 2.c4 e6 3.Nc3 d5 4.Nf3 Be7 5.Bf4 O-O 6.e3 Ne4 7.Qc2 Nxc3 8.bxc3 c6
9.Bd3 h6 10.O-O Nd7 11.h3 Re8 12.cxd5 exd5 13.Rfe1 Nf6 14.Rab1 Bd6 15.Ne5 Re7
16.Qe2 c5 17.Qf3 Be6 18.Bxh6 Rc7 19.Bg5 Be7 20.Bxf6 Bxf6 21.Ng4 Be7 22.Ne5 Bf6
23.Ng4 Be7 24.Bf5 Bd6 25.e4 cxd4 26.cxd4 dxe4 27.Bxe4 Rb8 28.d5 Bxg4 29.Qxg4 Qf6
30.Rb3 Rc3 31.Rxb7 Rxb7 32.Qh5 g6 33.Qg4 Kg7 34.h4 Rb2  0-1

[Event "Cappelle op"]
[Site "Cappelle"]
[Date "1989.??.??"]
[Round "?"]
[White "Lechtynsky, Jiri"]
[Black "Tozer, Richard"]
[Result "1-0"]
[WhiteElo "2450"]
[BlackElo "2305"]

1.Nf3 Nf6 2.c4 e6 3.Nc3 d5 4.d4 Be7 5.Bf4 O-O 6.e3 c5 7.dxc5 Bxc5 8.a3 Nc6
9.Be2 a6 10.Qc2 dxc4 11.Bxc4 Be7 12.O-O b5 13.Rfd1 Qe8 14.Ba2 Bb7 15.Rac1 Rd8
16.Bb1 Rxd1+ 17.Rxd1 Qc8 18.Ng5 g6 19.Nce4 Na5 20.Bd6 Nxe4 21.Bxe7 Qxc2 22.Bxc2 Nxg5
23.Bxg5 f6 24.Bh6 Rc8 25.Bb1 Kf7 26.e4 e5 27.a4 g5 28.h4 Kg6 29.hxg5 fxg5
30.Rd6+ Kh5 31.axb5 Rc1+ 32.Kh2 Rxb1 33.f3 Rc1 34.Kh3 Rh1+ 35.Kg3 Rc1 36.Bf8 g4
37.Rh6+  1-0

[Event "Chianciano tt"]
[Site "Chianciano"]
[Date "1989.??.??"]
[Round "?"]
[White "Forintos, Gyozo V"]
[Black "Wagman, Stuart"]
[Result "1-0"]
[WhiteElo "2390"]
[BlackElo "2290"]

1.d4 d5 2.c4 e6 3.Nf3 Nf6 4.Nc3 Be7 5.Bf4 O-O 6.e3 c5 7.dxc5 Bxc5 8.a3 Nc6
9.Qc2 Qa5 10.Nd2 Be7 11.Nb3 Qb6 12.Rd1 e5 13.Bg5 d4 14.Bxf6 Bxf6 15.Nd5 Qd8
16.Bd3 g6 17.Nxf6+ Qxf6 18.exd4 Nxd4 19.Nxd4 exd4 20.O-O Be6 21.f4 Rad8 22.f5 Bxf5
23.Bxf5 gxf5 24.Qxf5 Qxf5 25.Rxf5 Rfe8 26.Kf2 Re6 27.Rd2 Kg7 28.Kf3 Red6
29.Ke4 Kg6 30.Rd5 Re6+ 31.Kxd4 Rde8 32.Rd7 Rb6 33.b4  1-0

[Event "Clermont Ferrand"]
[Site "Clermont Ferrand"]
[Date "1989.??.??"]
[Round "?"]
[White "Spraggett, Kevin"]
[Black "Kortschnoj, Viktor"]
[Result "1/2-1/2"]
[WhiteElo "2585"]
[BlackElo "2655"]

1.Nf3 d5 2.c4 e6 3.d4 Nf6 4.Nc3 Be7 5.Bf4 c5 6.dxc5 Bxc5 7.e3 Nc6 8.a3 O-O
9.cxd5 exd5 10.Be2 Be6 11.O-O Rc8 12.Rc1 Bb6 13.Qa4 h6 14.Ne5 d4 15.Nxc6 Rxc6
16.exd4 Nd5 17.Bd2 Qf6 18.Bf3 Rd8 19.Nxd5 Bxd5 20.Bxd5 Rxd5 21.Be3 Bxd4 22.Rxc6 Qxc6
23.Qxc6 bxc6 24.Rd1 Bxb2 25.Rxd5 cxd5 26.Bxa7 Bxa3 27.Kf1 Kf8 28.Ke2 Ke7
29.Bd4 g6 30.f3 h5 31.Kd3 Kd6 32.Bg7 Bc5 33.Bf8+ Kc6 34.Bg7 Bg1 35.h3 Kd6
36.Bc3 Ke6 37.Bd2 Kf5 38.g4+ Ke5 39.f4+ Ke6 40.Bc3 f5 41.gxh5 gxh5 42.Be5 Kd7
43.Bb8 Kc6 44.Be5 Kb5 45.Bf6 Bc5 46.Be5 Kc6 47.Bb2  1/2-1/2

[Event "ESP-ch"]
[Site "ESP"]
[Date "1989.??.??"]
[Round "5"]
[White "Acebal, Antonio"]
[Black "Mellado Trivino, Juan"]
[Result "1/2-1/2"]
[WhiteElo "2295"]
[BlackElo "2400"]

1.Nf3 d5 2.d4 Nf6 3.c4 e6 4.Nc3 Be7 5.Bf4 O-O 6.e3 c6 7.Bd3 Nbd7 8.O-O dxc4
9.Bxc4 b5 10.Bd3 Bb7 11.Rc1 Rc8 12.Ne5 a6 13.Ne4 c5 14.Nxd7 Qxd7 15.Nxc5 Bxc5
16.dxc5 Qd5  1/2-1/2

[Event "Forli op"]
[Site "Forli"]
[Date "1989.??.??"]
[Round "1"]
[White "Marinelli, Tullio"]
[Black "Delchev, Aleksander"]
[Result "1-0"]
[WhiteElo "2260"]
[BlackElo "2410"]

1.d4 d5 2.Nf3 Nf6 3.c4 e6 4.Nc3 Be7 5.Bf4 O-O 6.e3 c5 7.dxc5 Bxc5 8.Qc2 Nc6
9.Rd1 Qa5 10.a3 Be7 11.Nd2 e5 12.Bg3 d4 13.Nb3 Qd8 14.Be2 a5 15.Na4 g6 16.exd4 exd4
17.O-O Bf5 18.Bd3 Bxd3 19.Qxd3 Nh5 20.Nxd4 Nxd4 21.Qxd4 Qxd4 22.Rxd4 Nxg3
23.hxg3 Rac8 24.Rd7 Rxc4 25.Rxe7 Rxa4 26.Rxb7 Rd8 27.Re1 Rd5 28.Ree7 Rf5
29.f3 h5 30.Kf2 h4 31.gxh4 Rxh4 32.g4 Rf6 33.Kg2 Kg7 34.Ra7 Rh8 35.Rxa5 Rd8
36.g5 Rfd6 37.Kg3 Rd3 38.Rb5 Rc8 39.a4 Rc1 40.Rbb7 Rg1+ 41.Kf4 Rd4+ 42.Ke3 Rxa4
43.Rxf7+ Kg8 44.Rg7+ Kh8 45.Rxg6 Re1+ 46.Kf2 Re2+ 47.Kxe2 Re4+ 48.Kf2 Re2+
49.Kg3 Rg2+ 50.Kf4 Rg4+ 51.Kf5 Rf4+ 52.Ke6 Rf6+ 53.Rxf6  1-0

[Event "Dreszer op"]
[Site "Gdynia"]
[Date "1989.??.??"]
[Round "10"]
[White "Kveinys, Aloyzas"]
[Black "Przewoznik, Jan"]
[Result "1-0"]
[WhiteElo "2345"]
[BlackElo "2380"]

1.d4 Nf6 2.c4 e6 3.Nf3 d5 4.Nc3 Be7 5.Bf4 O-O 6.e3 c5 7.dxc5 Bxc5 8.Qc2 Nc6
9.a3 Qa5 10.O-O-O dxc4 11.Bxc4 e5 12.Bg5 Be7 13.h3 Rb8 14.Ba2 b5 15.Bxf6 Bxf6
16.Nd5 Ne7 17.Nxe7+ Bxe7 18.Nxe5 Bb7 19.Kb1 b4 20.Nxf7 Rxf7 21.Rd7 Bxg2 22.Rxe7 Bd5
23.Bxd5 Qxd5 24.e4 b3 25.Qc3 Qa8 26.Qc4 Rf8 27.Rd1 Qc8 28.Qxb3 Qb8 29.Qc4 Qc8
30.Qa2 h5 31.Rdd7 Qa6 32.Qd5 g6 33.Rxa7  1-0

[Event "Bundesliga 8889"]
[Site "Germany"]
[Date "1989.??.??"]
[Round "?"]
[White "Breutigam, Martin"]
[Black "Federau, Juergen"]
[Result "0-1"]
[WhiteElo "2295"]
[BlackElo "2295"]

1.d4 d5 2.c4 e6 3.Nf3 Nf6 4.Nc3 Be7 5.Bf4 O-O 6.e3 b6 7.Rc1 c5 8.dxc5 bxc5
9.Be2 Bb7 10.O-O Qb6 11.Ne5 Na6 12.Bf3 Rfd8 13.cxd5 exd5 14.Qc2 Rac8 15.Qf5 g6
16.Qb1 Nc7 17.Bg3 Ne6 18.Be2 a6 19.b3 Qa7 20.f4 Ng7 21.f5 gxf5 22.Rxf5 d4
23.Bc4 dxc3 24.Bxf7+ Kh8 25.Rxf6 Bxf6 26.Ng6+ hxg6 27.Qxg6 Bg5 28.Qxg5 Be4
29.Qh4+ Bh7 30.Bg6 Ne6 31.Be5+ Kg8 32.Rf1 Rf8 33.Bxh7+ Qxh7 34.Qg4+ Ng7  0-1

[Event "Bundesliga 8889"]
[Site "Germany"]
[Date "1989.??.??"]
[Round "?"]
[White "Lumper, Thomas"]
[Black "Bayer, Ernst Wolfgang"]
[Result "0-1"]
[WhiteElo "2355"]
[BlackElo "2370"]

1.c4 e6 2.Nc3 d5 3.d4 Nf6 4.Nf3 Be7 5.Bf4 O-O 6.e3 c5 7.dxc5 Bxc5 8.Qc2 Nc6
9.Rd1 Qa5 10.a3 Be7 11.Nd2 e5 12.Nb3 Qb6 13.Bg5 d4 14.Bxf6 Bxf6 15.Nd5 Qd8
16.Bd3 g6 17.O-O Bg7 18.exd4 exd4 19.Rfe1 a5 20.Be4 a4 21.Nc5 Qa5 22.Nd3 Bg4
23.f3 Bd7 24.N3b4 Rfe8 25.f4 Rac8 26.Bd3 Bg4 27.Rc1 Kh8 28.Qf2 Be6 29.f5 Bxd5
30.Nxd5 Ne5 31.Be4 d3 32.Rcd1 Nxc4 33.Rxd3 Nxb2 34.Rde3 Bd4 35.h3 Rxe4  0-1

[Event "URS-sf Russia-ch"]
[Site "Gorky"]
[Date "1989.??.??"]
[Round "?"]
[White "Tunik, Gennady"]
[Black "Kharitonov, Andrei Y"]
[Result "1/2-1/2"]
[WhiteElo "2470"]
[BlackElo "2505"]

1.d4 Nf6 2.c4 e6 3.Nf3 d5 4.Nc3 Be7 5.Bf4 O-O 6.e3 c5 7.dxc5 Bxc5 8.a3 Nc6
9.cxd5 Nxd5 10.Nxd5 exd5 11.Bd3 Bb6 12.O-O Bg4 13.h3 Bh5 14.b4 Re8 15.Ra2 d4
16.e4 Bc7 17.Bxc7 Qxc7 18.g4 Bg6 19.Qc1 Qd6 20.Re1 Nd8 21.Nh4 Ne6 22.Ng2 Rac8
23.Qd2 f6 24.h4 Rc3 25.Raa1 Qd7 26.Rf1 Qc6 27.Qe2 Bf7 28.f4 Nf8 29.Rf3 Qa4
30.e5 fxe5 31.fxe5 Bd5 32.Be4 Qc6 33.Rxc3 dxc3 34.Bc2 Ne6 35.Ne3 Bf3 36.Qd3 g6
37.Qd6 Qxd6 38.exd6 Nd4 39.Bd3 Rd8 40.Rc1 c2 41.Nxc2 Rxd6 42.Ne3 Bc6 43.Bc4+ Kg7
44.Kh2 Rf6 45.Rf1 Rxf1 46.Bxf1 h6  1/2-1/2

[Event "EU-chT"]
[Site "Haifa"]
[Date "1989.??.??"]
[Round "7"]
[White "Stohl, Igor"]
[Black "Gavrilakis, Nikolaos"]
[Result "1/2-1/2"]
[WhiteElo "2500"]
[BlackElo "2400"]

1.Nf3 d5 2.d4 e6 3.c4 Nf6 4.Nc3 Be7 5.Bf4 O-O 6.e3 c5 7.dxc5 Bxc5 8.a3 Nc6
9.Be2 a6 10.Qc2 dxc4 11.Bxc4 Be7 12.Rd1 Qa5 13.O-O h6 14.h3 Rd8 15.Ba2 Bd7
16.Nd2 Be8 17.Bb1 Qh5 18.Nce4 Nxe4 19.Nxe4 e5 20.Nc3 Qg6 21.Qxg6 fxg6 22.Bg3 Rxd1
23.Rxd1 Rd8 24.Rxd8 Bxd8 25.Be4 Bc7 26.Nd5 Bb8 27.Kf1 g5 28.Ke2 Kf8 29.Kd3 b5
30.Nb4 Nxb4+ 31.axb4 Ke7 32.Bb7 Bg6+ 33.Kc3 Be8 34.f3 Kd6 35.Bxa6 Bc6 36.Bc8 Ke7
37.Bf5 Kf6 38.Bc2 Bd6 39.Bb3 Bf8 40.Bc2 Bd6 41.Be1 Ke6 42.Bb3+ Bd5 43.Bxd5+ Kxd5
44.Kd3 g6 45.Bd2 Be7 46.b3 Bf6 47.h4 gxh4 48.e4+ Ke6 49.Bxh6 g5 50.Bf8 Kf7
51.Bd6 Kg6 52.Ke2  1/2-1/2

[Event "Karvina op"]
[Site "Karvina"]
[Date "1989.??.??"]
[Round "9"]
[White "Znamenacek, Kvetoslav"]
[Black "Chmiel, Pavel"]
[Result "1/2-1/2"]
[WhiteElo "2350"]
[BlackElo "2240"]

1.Nf3 Nf6 2.c4 e6 3.Nc3 d5 4.d4 Be7 5.Bf4 c6 6.e3 O-O 7.Rc1 Nbd7 8.Bd3 dxc4
9.Bxc4 Nd5 10.Bg3 Qa5 11.O-O Nxc3 12.Rxc3 b5 13.Bd3 Bb7 14.Qb1 b4 15.Rc4 Nf6
16.Ne5 Rac8 17.Bh4 h6 18.Bxf6 gxf6 19.Nd7 Ba6 20.Nxf8 Bxc4 21.Bxc4 Bxf8 22.Qe4 f5
23.Qf3 Qd8 24.Rc1 Bg7 25.Ba6 Rc7 26.Rxc6 Rxc6 27.Qxc6 f4 28.Bd3 fxe3 29.fxe3 Bxd4
30.Qe4 Bxb2 31.Qh7+ Kf8 32.Qxh6+ Bg7 33.Qh7 f5 34.Be2 Qd2 35.Kf2 Qxa2 36.Qh4 Qd2
37.Qc4 Kf7 38.Qc7+ Kg6 39.Qg3+ Kf7 40.Qc7+ Kg6  1/2-1/2

[Event "URS-sf Ukraine-ch"]
[Site "Kherson"]
[Date "1989.??.??"]
[Round "?"]
[White "Malaniuk, Vladimir P"]
[Black "Moroz, Alexander"]
[Result "1-0"]
[WhiteElo "2560"]
[BlackElo "2380"]

1.d4 d5 2.c4 e6 3.Nf3 Nf6 4.Nc3 Be7 5.Bf4 O-O 6.e3 c5 7.dxc5 Nc6 8.a3 dxc4
9.Bxc4 Bxc5 10.Qc2 Be7 11.O-O Bd7 12.h3 Rc8 13.Qe2 Qa5 14.Rfd1 a6 15.e4 e5
16.Bg3 Rfe8 17.Nd5 Nxd5 18.Bxd5 Qc7 19.Qc4 Rf8 20.Nxe5 b5 21.Nxd7 Qxd7 22.Bxf7+  1-0

[Event "Leningrad-chT"]
[Site "Leningrad"]
[Date "1989.??.??"]
[Round "?"]
[White "Shabalov, Alexander"]
[Black "Kharitonov, Andrei Y"]
[Result "0-1"]
[WhiteElo "2470"]
[BlackElo "2505"]

1.d4 d5 2.c4 e6 3.Nf3 Nf6 4.Nc3 Be7 5.Bf4 O-O 6.e3 c5 7.dxc5 Bxc5 8.Qc2 Nc6
9.a3 Qa5 10.O-O-O Be7 11.g4 dxc4 12.Bxc4 Rd8 13.e4 Nxg4 14.Rhg1 Rxd1+ 15.Qxd1 Nxf2
16.Qf1 Bxa3 17.Bd2 Bc5 18.Kb1 b5 19.Nd5 Qd8 20.Rxg7+ Kxg7 21.Qg2+ Kh8 22.Bc3+ Nd4
23.Nxd4 Nd1 24.Qg3 Nxc3+ 25.bxc3 Bxd4 26.cxd4 f6  0-1

[Event "Lugano op"]
[Site "Lugano"]
[Date "1989.??.??"]
[Round "7"]
[White "Grynszpan, Mariano"]
[Black "Ekstroem, Roland"]
[Result "1/2-1/2"]
[WhiteElo "2390"]
[BlackElo "2450"]

1.d4 d5 2.c4 e6 3.Nf3 Nf6 4.Nc3 Be7 5.Bf4 O-O 6.e3 c5 7.dxc5 Bxc5 8.a3 Nc6
9.b4 Be7 10.Qc2 Bd7 11.cxd5 exd5 12.b5 Na5 13.Bd3 Rc8 14.O-O Nc4 15.Bxc4 Rxc4
16.Ne5 Rc5 17.Nxd7 Qxd7 18.Qd3 Rfc8 19.Be5 Qe6 20.Bd4 Rc4 21.Ne2 a6 22.bxa6 bxa6
23.Rab1 Qe4 24.Qb3 Qf5 25.Qb7 Bxa3 26.Qxa6  1/2-1/2

[Event "Moscow op"]
[Site "Moscow"]
[Date "1989.??.??"]
[Round "?"]
[White "Yuferov, Sergey  N"]
[Black "Kachar, Vladimir"]
[Result "1/2-1/2"]
[WhiteElo "2440"]
[BlackElo "2300"]

1.d4 d5 2.c4 e6 3.Nf3 Nf6 4.Nc3 Be7 5.Bf4 O-O 6.e3 c5 7.dxc5 Bxc5 8.Qc2 Nc6
9.Rd1 Qa5 10.a3 Be7 11.Nd2 e5 12.Bg5 d4 13.Nb3 Qd8 14.Be2 Ng4 15.Bxe7 Qxe7
16.Nd5 Qh4 17.g3 Qh3 18.Bf1 Qh5 19.Qe2 dxe3 20.fxe3 Qg5 21.Nc5 f5 22.Bh3 h5
23.O-O Rf7 24.Bg2 e4 25.Nf4 h4 26.gxh4 Qxh4 27.h3 Nge5 28.b4 b6 29.Nb3 Bd7
30.Rd6 Re8 31.b5 Nd8 32.c5 Nb7 33.Rd5 bxc5 34.Nxc5 Nxc5 35.Rxc5 Bc8 36.Rfc1 Bb7
37.Rxe5 Rxe5 38.Ng6 Qg3 39.Nxe5 Qxe5 40.Qc4 Bd5 41.Qc5 Qg3 42.a4 Be6 43.a5 f4
44.exf4 Rxf4 45.Rd1 Bf7 46.Rd8+ Kh7 47.Qc8 Rf6 48.Rh8+ Kg6 49.Qc2 Qe3+ 50.Kh1 Bd5
51.Qd1 Rf5 52.Rd8 Be6 53.Qg4+ Kf7 54.Qxe4 Qxe4 55.Bxe4 Rxb5 56.a6 Ra5 57.Bd3 Rd5
58.Rxd5 Bxd5+ 59.Kh2 g5  1/2-1/2

[Event "GMA Baleares Open"]
[Site "Palma de Mallorca"]
[Date "1989.??.??"]
[Round "1"]
[White "Ruban, Vadim"]
[Black "Maric, Alisa"]
[Result "1/2-1/2"]
[WhiteElo "2515"]
[BlackElo "2355"]

1.d4 d5 2.c4 e6 3.Nc3 Be7 4.Nf3 Nf6 5.Bf4 O-O 6.e3 c5 7.dxc5 Bxc5 8.a3 Nc6
9.Qc2 Qa5 10.O-O-O dxc4 11.Bxc4 a6 12.Ng5 Be7 13.h4 h6 14.g4 Ne5 15.Rd5 exd5
16.Bxe5 Rd8 17.Ba2 Bxg4 18.Rg1 Rac8 19.Rxg4 hxg5 20.Rxg5 Qb6 21.Bb1 Ne4 22.Rxg7+ Kf8
23.Rh7 Bf6 24.Rh6 Rc6 25.Bxf6 Rxf6 26.Rh8+ Kg7 27.Rxd8 Qxd8 28.Nxe4 dxe4
29.Qxe4 Qc7+ 30.Bc2 Rxf2 31.h5 Rf1+ 32.Kd2 Rf2+ 33.Kc1 Rf1+ 34.Kd2 Rf2+ 35.Kc1 Rf1+  1/2-1/2

[Event "Paris AECE"]
[Site "Paris"]
[Date "1989.??.??"]
[Round "1"]
[White "Spiridonov, Nikola"]
[Black "Hauchard, Arnaud"]
[Result "1-0"]
[WhiteElo "2390"]
[BlackElo "2315"]

1.c4 Nf6 2.Nc3 e6 3.Nf3 d5 4.d4 Be7 5.Bf4 O-O 6.e3 c5 7.dxc5 Nc6 8.Qc2 Qa5
9.a3 dxc4 10.Bxc4 Qxc5 11.Bd3 Qh5 12.O-O e5 13.Bg3 Bg4 14.Be2 Nd7 15.h3 Bxf3
16.Bxf3 Qh6 17.Rfd1 Rad8 18.b4 a6 19.Na4 f5 20.Bd5+ Kh8 21.Bxc6 bxc6 22.Rac1 f4
23.exf4 exf4 24.Bh2 Ne5 25.Qe4 Qf6 26.Kh1 a5 27.bxa5 Bxa3 28.Ra1 Nd3 29.Qf3 Qd4
30.Bg1 Bb4 31.a6 c5 32.a7 c4 33.Nb6 Qxb6 34.a8=Q Rxa8 35.Rxa8 Qd4 36.Rxf8+ Bxf8
37.Qe2 Qf6 38.f3 Nb2 39.Bd4  1-0

[Event "World op"]
[Site "Philadelphia"]
[Date "1989.??.??"]
[Round "7"]
[White "Henley, Ron W"]
[Black "Glueck, David"]
[Result "1-0"]
[WhiteElo "2505"]
[BlackElo "2390"]

1.d4 Nf6 2.c4 e6 3.Nf3 d5 4.Nc3 Be7 5.Bf4 O-O 6.e3 Nbd7 7.a3 c5 8.cxd5 Nxd5
9.Nxd5 exd5 10.dxc5 Nxc5 11.Be5 a5 12.Be2 a4 13.O-O Bf5 14.Nd4 Bg6 15.Bb5 Qb6
16.Rc1 Ra5 17.Qe2 Bd8 18.Rc3 Ne4 19.Rc8 Nd6 20.Bxd6 Qxd6 21.Rfc1 Be4 22.Bd3 Qg6
23.Bxe4 dxe4 24.Qc4 Rg5 25.g3 Rh5 26.Ne2 b5 27.Qd4 Qf6 28.Qxe4 Qxb2 29.Nf4 Rh6
30.Qd3 Qf6 31.Qxb5 g5 32.Nd3 Qa6 33.Qxa6 Rxa6 34.Nb4 Re6 35.Ra8 Bb6 36.Rcc8 Rxc8
37.Rxc8+ Kg7 38.Nd5 Rd6 39.Nxb6 Rxb6 40.Ra8 Rb1+ 41.Kg2 g4 42.Rxa4 h5 43.h3 f5
44.hxg4 hxg4 45.Ra8 Ra1 46.a4 Kf7 47.a5 Kg7 48.a6 Kf7 49.a7 Kg7 50.Kh2 Ra2
51.Kg2 Ra1 52.e4 fxe4 53.Re8 Rxa7 54.Rxe4  1-0

[Event "Podolsk GMA-qual"]
[Site "Podolsk"]
[Date "1989.??.??"]
[Round "?"]
[White "Shneider, Aleksandr"]
[Black "Kruppa, Yuri"]
[Result "0-1"]
[WhiteElo "2495"]
[BlackElo "2440"]

1.d4 d5 2.Nf3 Nf6 3.c4 e6 4.Nc3 Be7 5.Bf4 O-O 6.e3 c5 7.dxc5 Bxc5 8.Qc2 Nc6
9.Rd1 Qa5 10.a3 Be7 11.Nd2 e5 12.Bg5 d4 13.Nb3 Qd8 14.Be2 a5 15.Na4 g6 16.Bxf6 Bxf6
17.O-O Bg7 18.c5 Qh4 19.e4 Be6 20.Bd3 f5 21.Nd2 Rf7 22.Rde1 Raf8 23.Nc4 fxe4
24.Rxe4 Qg5 25.h4 Qe7 26.Nd6 Rf4 27.Bc4 Bxc4 28.Qxc4+ Kh8 29.g3 Rf3 30.Nb6 Bh6
31.Nd5 Qe6 32.Kg2 b5 33.Nxb5 Qf5 34.Nd6 Rxf2+ 35.Rxf2 Qxf2+ 36.Kh3 Rf3 37.Rg4 Qg1
38.Qe2 Rf2  0-1

[Event "Podolsk GMA-qual"]
[Site "Podolsk"]
[Date "1989.??.??"]
[Round "?"]
[White "Shneider, Aleksandr"]
[Black "Galdunts, Sergey"]
[Result "1-0"]
[WhiteElo "2495"]
[BlackElo "2440"]

1.d4 d5 2.Nf3 Nf6 3.c4 e6 4.Nc3 Be7 5.Bf4 O-O 6.e3 b6 7.Qc2 c5 8.Rd1 Bb7
9.dxc5 bxc5 10.cxd5 exd5 11.Be2 Qa5 12.O-O Na6 13.Ne5 Rac8 14.Bf3 Rfd8 15.Ng4 Nb4
16.Qb1 Ba6 17.Rfe1 c4 18.Bg5 Rc6 19.Bxf6 Bxf6 20.Nxf6+ Rxf6 21.Rd4 Nd3 22.Rf1 Rb6
23.Nxd5 Rxb2 24.Qd1 Kf8 25.Be4 g6 26.Qg4 Rd6 27.Bxd3 cxd3 28.Qe4 Qd8 29.Qe5 f6
30.Nxf6 Rxd4 31.exd4 Rb7 32.Ne4 Kg8 33.Nc5 Re7 34.Qf4 Bc4 35.h4 d2 36.Qxd2 Bxf1
37.Kxf1 Qd5 38.Kg1 a5 39.g3 a4 40.Nxa4  1-0

[Event "CSR-ch int"]
[Site "Prague"]
[Date "1989.??.??"]
[Round "3"]
[White "Chernin, Alexander"]
[Black "Plachetka, Jan"]
[Result "1-0"]
[WhiteElo "2580"]
[BlackElo "2450"]

1.d4 Nf6 2.Nf3 e6 3.c4 d5 4.Nc3 Be7 5.Bf4 O-O 6.e3 c5 7.dxc5 Bxc5 8.a3 Nc6
9.Qc2 Qe7 10.Rd1 Rd8 11.Bg5 d4 12.Ne4 Bb6 13.c5 Ba5+ 14.b4 Nxb4 15.axb4 Bxb4+
16.Nfd2 b6 17.c6 dxe3 18.Nxf6+ gxf6 19.Bxe3 f5 20.Bd3 Qd6 21.Ke2 e5 22.Nc4 Qe7
23.Bxf5 Ba6 24.g4 Rd4 25.Bxd4 exd4+ 26.Kf3 Qf6 27.Nd2 Bc5 28.Ne4 Qxc6 29.Rxd4 Bb7
30.Rhd1 Bxd4 31.Qxc6 Bxc6 32.Rxd4 b5 33.Rd6 Bb7 34.Kf4 b4 35.Nc5 Bg2 36.Ra6 Bf1
37.Ra5 a6 38.Bd3 Bxd3 39.Nxd3 b3 40.Ke3 Rb8 41.Nb2  1-0

[Event "Sagua la Grande"]
[Site "Sagua la Grande"]
[Date "1989.??.??"]
[Round "10"]
[White "Armas, Jorge"]
[Black "De Armas, Asela"]
[Result "1/2-1/2"]
[WhiteElo "2385"]
[BlackElo "2255"]

1.d4 Nf6 2.c4 e6 3.Nc3 d5 4.Nf3 Be7 5.Bf4 O-O 6.e3 Re8 7.h3 c5 8.dxc5 Bxc5
9.Qc2 Nc6 10.a3 e5 11.Bg5 d4 12.O-O-O Qa5 13.exd4 Nxd4 14.Nxd4 Bxd4 15.Nb5 Qb6
16.Nxd4 exd4 17.Bd3 h6 18.Bh4 Bd7 19.Rhe1 Rac8 20.Kb1 Qa5 21.Rxe8+ Nxe8 22.Be7 Be6
23.Rc1 Qc7 24.Bh4 b6 25.Qa4 a5 26.Bg3 Nd6 27.b4 axb4 28.Qxb4 Rd8 29.c5 bxc5
30.Rxc5 Qe7 31.Rb5 g6 32.Rb8 Rxb8 33.Qxb8+ Nc8 34.Qb4 Qd7 35.Qb5 Qe7 36.Be5 Kh7
37.Qb4 Ba2+ 38.Kxa2 Qxe5 39.a4 Nd6 40.a5 Ne4 41.a6 Nxf2 42.Bc4 Qc7 43.Bb3 d3
44.Kb1 d2 45.Qxd2 Ne4 46.Qb4 Qf4 47.a7 Qf1+ 48.Kb2 Qxg2+ 49.Bc2 Nd6 50.Qxd6 Qb7+
51.Bb3 Qxa7 52.Qf6 Qb7 53.h4 h5 54.Kc3 Qc8+ 55.Kd4 Qh8 56.Ke5 Qb8+ 57.Qd6 Qxb3
58.Kf6 Qe6+ 59.Qxe6 fxe6 60.Kxe6 Kg7 61.Ke5 Kf7 62.Kd4 Kf6 63.Ke4 Ke6 64.Kf4  1/2-1/2

[Event "Sochi-A"]
[Site "Sochi"]
[Date "1989.??.??"]
[Round "?"]
[White "Khalifman, Alexander"]
[Black "Pigusov, Evgeny"]
[Result "1/2-1/2"]
[WhiteElo "2545"]
[BlackElo "2560"]

1.d4 Nf6 2.c4 e6 3.Nf3 d5 4.Nc3 Be7 5.Bf4 O-O 6.e3 b6 7.Qc2 Ba6 8.Ne5 dxc4
9.Bxc4 Bxc4 10.Nxc4 Nd5 11.Nxd5 Qxd5 12.O-O c5 13.dxc5 Qxc5 14.Rac1 Nc6 15.Qe4 Nb4
16.Nd6 Qa5 17.a3 Nd5 18.Bg3 Qa6 19.Rfd1 Bxd6 20.Bxd6 Rfc8 21.h3  1/2-1/2